<?xml version="1.0" encoding="UTF-8"?>
<record
    xmlns:xsi="http://www.w3.org/2001/XMLSchema-instance"
    xsi:schemaLocation="http://www.loc.gov/MARC21/slim http://www.loc.gov/standards/marcxml/schema/MARC21slim.xsd"
    xmlns="http://www.loc.gov/MARC21/slim">

  <leader>00320nam a22001217a 4500</leader>
  <controlfield tag="008">240730b        |||||||| |||| 00| 0 eng d</controlfield>
  <datafield tag="020" ind1=" " ind2=" ">
    <subfield code="a">9789332568839</subfield>
  </datafield>
  <datafield tag="100" ind1=" " ind2=" ">
    <subfield code="a">Bhargava, rajeev</subfield>
  </datafield>
  <datafield tag="245" ind1=" " ind2=" ">
    <subfield code="a">An introduction to Political Theory</subfield>
  </datafield>
  <datafield tag="260" ind1=" " ind2=" ">
    <subfield code="a">India</subfield>
    <subfield code="b">First Impression</subfield>
    <subfield code="c">2016</subfield>
  </datafield>
  <datafield tag="300" ind1=" " ind2=" ">
    <subfield code="a">xiv, 257p.</subfield>
    <subfield code="c">17cm</subfield>
  </datafield>
  <datafield tag="942" ind1=" " ind2=" ">
    <subfield code="2">ddc</subfield>
  </datafield>
  <datafield tag="999" ind1=" " ind2=" ">
    <subfield code="c">9924</subfield>
    <subfield code="d">9925</subfield>
  </datafield>
  <datafield tag="952" ind1=" " ind2=" ">
    <subfield code="0">0</subfield>
    <subfield code="1">0</subfield>
    <subfield code="2">ddc</subfield>
    <subfield code="4">0</subfield>
    <subfield code="7">0</subfield>
    <subfield code="8">MAIN</subfield>
    <subfield code="a">RTCLIB</subfield>
    <subfield code="b">RTCLIB</subfield>
    <subfield code="c">MAIN</subfield>
    <subfield code="d">2024-07-30</subfield>
    <subfield code="g">473.00</subfield>
    <subfield code="h">18400</subfield>
    <subfield code="l">0</subfield>
    <subfield code="o">320.01 BHA C.1</subfield>
    <subfield code="p">30019613</subfield>
    <subfield code="r">2024-07-30 00:00:00</subfield>
    <subfield code="v">473.00</subfield>
    <subfield code="w">2024-07-30</subfield>
    <subfield code="y">MAIN</subfield>
  </datafield>
  <datafield tag="952" ind1=" " ind2=" ">
    <subfield code="0">0</subfield>
    <subfield code="1">0</subfield>
    <subfield code="2">ddc</subfield>
    <subfield code="4">0</subfield>
    <subfield code="7">0</subfield>
    <subfield code="8">MAIN</subfield>
    <subfield code="a">RTCLIB</subfield>
    <subfield code="b">RTCLIB</subfield>
    <subfield code="c">MAIN</subfield>
    <subfield code="d">2024-07-30</subfield>
    <subfield code="g">473.00</subfield>
    <subfield code="h">18401</subfield>
    <subfield code="o">320.01 BHA C.2</subfield>
    <subfield code="p">30019465</subfield>
    <subfield code="r">2024-07-30 00:00:00</subfield>
    <subfield code="v">473.00</subfield>
    <subfield code="w">2024-07-30</subfield>
    <subfield code="y">MAIN</subfield>
  </datafield>
  <datafield tag="952" ind1=" " ind2=" ">
    <subfield code="0">0</subfield>
    <subfield code="1">0</subfield>
    <subfield code="2">ddc</subfield>
    <subfield code="4">0</subfield>
    <subfield code="7">0</subfield>
    <subfield code="8">MAIN</subfield>
    <subfield code="a">RTCLIB</subfield>
    <subfield code="b">RTCLIB</subfield>
    <subfield code="c">MAIN</subfield>
    <subfield code="d">2024-07-30</subfield>
    <subfield code="g">473.00</subfield>
    <subfield code="h">18402</subfield>
    <subfield code="o">320.01 BHA C.3</subfield>
    <subfield code="p">30019485</subfield>
    <subfield code="r">2024-07-30 00:00:00</subfield>
    <subfield code="v">473.00</subfield>
    <subfield code="w">2024-07-30</subfield>
    <subfield code="y">MAIN</subfield>
  </datafield>
  <datafield tag="952" ind1=" " ind2=" ">
    <subfield code="0">0</subfield>
    <subfield code="1">0</subfield>
    <subfield code="2">ddc</subfield>
    <subfield code="4">0</subfield>
    <subfield code="7">0</subfield>
    <subfield code="8">MAIN</subfield>
    <subfield code="a">RTCLIB</subfield>
    <subfield code="b">RTCLIB</subfield>
    <subfield code="c">MAIN</subfield>
    <subfield code="d">2024-07-30</subfield>
    <subfield code="g">473.00</subfield>
    <subfield code="h">18403</subfield>
    <subfield code="o">320.01 BHA C.4</subfield>
    <subfield code="p">30019635</subfield>
    <subfield code="r">2024-07-30 00:00:00</subfield>
    <subfield code="v">473.00</subfield>
    <subfield code="w">2024-07-30</subfield>
    <subfield code="y">MAIN</subfield>
  </datafield>
</record>
